Ekonomická kriminalita vo virtuálnom svete kryptomien
Definovanie ekonomickej kriminality vo všeobecnosti. Virtuálna kriminalita ako konkrétna ekonomická kriminalita, pojem kryptomena, najväčšie krypto-podvody v histórii a výhody či nevýhody obchodovania s kryptomenami. Kryptosiete z pohľadu slovenskej legislatívy. Riešenie na zabezpečenie bezpečnejšie...
Guardado en:
| Autor principal: | |
|---|---|
| Formato: | Capítulo de libro |
| Lenguaje: | eslovaco |
| Materias: | |
| Etiquetas: |
Sin Etiquetas, Sea el primero en etiquetar este registro!
|
MARC
| LEADER | 00000naa$a2200000$$$4500 | ||
|---|---|---|---|
| 001 | 0271543 | ||
| 005 | 20240502074258.9 | ||
| 041 | 0 | |a slo | |
| 044 | |a SK | ||
| 245 | 1 | 0 | |a Ekonomická kriminalita vo virtuálnom svete kryptomien |c Nikoleta Baloghová |
| 520 | |a Definovanie ekonomickej kriminality vo všeobecnosti. Virtuálna kriminalita ako konkrétna ekonomická kriminalita, pojem kryptomena, najväčšie krypto-podvody v histórii a výhody či nevýhody obchodovania s kryptomenami. Kryptosiete z pohľadu slovenskej legislatívy. Riešenie na zabezpečenie bezpečnejšieho obchodovania s kryptomenami. | ||
| 610 | 2 | 0 | |a kriminalita hospodárska |
| 610 | 2 | 0 | |a podvody |
| 610 | 2 | 0 | |a priestor kybernetický |
| 610 | 2 | 0 | |a mena virtuálna |
| 610 | 2 | 0 | |a trh menový |
| 610 | 2 | 0 | |a legislatíva |
| 610 | 2 | 0 | |a Slovensko |
| 100 | 1 | |a Baloghová, Nikoleta, 1991- | |